[Event "Chess.com Open PlayIn2"]
[Site "chess.com INT"]
[Date "2026.03.18"]
[Round "2"]
[White "Aronian, L."]
[Black "Bluebaum, M."]
[Result "1-0"]
[WhiteElo "2729"]
[BlackElo "2698"]
[PlyCount "89"]
[EventDate "2026.03.18"]

1. d4 d5 2. c4 e6 3. Nc3 Bb4 4. a3 Bxc3+ 5. bxc3 Nf6 6. Bg5 c5 7. cxd5 ({RR} 7. Bxf6 Qxf6 8. Nf3 Nc6 9. e3 O-O 10. Rb1 b6 11. Bd3 dxc4 12. Be4 Bb7 13. Qa4 Rac8 14. O-O Qe7 15. Nd2 cxd4 16. exd4 Rfd8 17. Rfe1 Qc7 18. h3 h6 19. Qc2 Ne7 20. Rb4 Bd5 21. Bxd5 exd5 {Safarli,R (1792)-Gulumov,M (2054) Baku AZE 2025 0-1 (52)}) 7... exd5 8. Nf3 Qa5 $146 ({RR} 8... O-O 9. e3 Qa5 10. Bxf6 Qxc3+ 11. Nd2 gxf6 12. dxc5 d4 13. Qc1 Qa5 14. Bd3 dxe3 15. fxe3 Rd8 16. Qc2 Nd7 17. O-O Qxc5 18. Bxh7+ Kg7 19. Qe4 Nf8 20. Nb3 Qb6 21. Bf5 Qxb3 22. Qf3 Bxf5 23. Qxf5 {Nikolic,P (2603)-Bluebaum,M (2588) Berlin 2015 0-1 (43)}) 9. Bxf6 Qxc3+ 10. Nd2 gxf6 11. Rc1 Qxd4 12. e3 Qb2 13. Rxc5 Nc6 14. Bb5 O-O 15. O-O Qxa3 16. Rxd5 Qe7 17. Rh5 Ne5 18. f4 Ng6 19. Qf3 f5 20. Qh3 Qb4 21. Nf3 Qxb5 22. Rxh7 Qb6 23. Ne5 Qf6 24. Qh6 a5 25. Rc1 Be6 26. Rc7 Nxe5 27. Qxf6 Kxh7 28. Qxe6 Ng6 29. Qxf5 Kg7 30. h4 a4 31. h5 Nh8 32. Rxb7 a3 33. Qg5+ Kh7 34. Rb6 f6 35. Rb7+ Rf7 36. Rxf7+ Nxf7 37. Qg6+ Kh8 38. h6 Nxh6 39. Qxh6+ Kg8 40. Qg6+ Kh8 41. Qxf6+ Kg8 42. Qg5+ Kh7 43. Qf5+ Kh8 44. Qe5+ Kh7 45. Qe4+ 1-0

[Event "2nd 3-0 Thu 20th Nov 2025"]
[Site "chess.com INT"]
[Date "2025.11.20"]
[Round "6"]
[White "Bluebaum, M."]
[Black "Henriquez Villagra, C."]
[Result "0-1"]
[WhiteElo "2680"]
[BlackElo "2605"]
[PlyCount "174"]
[EventDate "2025.11.20"]

1. d4 d5 2. c4 e6 3. Nc3 c6 4. Nf3 Nd7 5. Qc2 dxc4 6. e4 b5 7. Be2 Ngf6 8. O-O Be7 9. b3 b4 $146 ({RR} 9... cxb3 10. axb3 Bb7 11. e5 Nd5 12. Nxd5 cxd5 13. Bxb5 O-O 14. Bd2 h6 15. Rfc1 a6 16. Ba5 Qe8 17. Ba4 Rc8 18. Qd2 f6 19. Rxc8 Bxc8 20. Rc1 fxe5 21. dxe5 Qg6 22. Rxc8 Rxc8 23. Bxd7 Bg5 24. Qe2 {Bluebaum,M (2663)-Henriquez Villagra,C (2597) chess.com INT 2025 1-0 (40)}) 10. e5 cxb3 11. axb3 bxc3 12. exf6 Nxf6 13. Qxc3 Bb7 14. Ne5 O-O 15. Nxc6 Bxc6 16. Qxc6 Qxd4 17. Be3 Qb4 18. Qa4 a5 19. Bc4 Qxa4 20. Rxa4 Bb4 21. Rfa1 Rab8 22. Bf4 Rb7 23. R4a2 Nd5 24. Bd2 h6 25. h4 Rd8 26. g3 Nc3 27. Bxc3 Bxc3 28. Rc1 Bb4 29. Kg2 Rbd7 30. Rcc2 Rd4 31. Re2 h5 32. Rac2 g6 33. Bb5 Rb8 34. Bc4 Kg7 35. Kf3 Rb7 36. Re4 Rxe4 37. Kxe4 Rd7 38. Bd3 Kf6 39. Ke3 Rd5 40. Bc4 Bc5+ 41. Ke2 Re5+ 42. Kd3 Rf5 43. f4 Bb4 44. Ke4 Rc5 45. Bd3 Rd5 46. Rc6 Be1 47. Bc4 Rd2 48. Kf3 Rf2+ 49. Ke3 Rg2 50. Rc7 Rxg3+ 51. Ke2 Bb4 52. Bb5 Rg4 53. Kf3 Rxh4 54. Ra7 Rh3+ 55. Kg2 Rxb3 56. Be8 Be7 57. Rxa5 h4 58. Bc6 Bd6 59. Ra4 Kf5 60. Be4+ Kg4 61. f5 Rb2+ 62. Kf1 gxf5 63. Bg2+ Bf4 64. Ra3 e5 65. Bh3+ Kg5 66. Ra7 Rh2 67. Bg2 h3 68. Bd5 e4 69. Rxf7 Bg3 70. Rg7+ Kf4 71. Kg1 Rf2 72. Bc4 h2+ 73. Kh1 e3 74. Rh7 Rc2 75. Bf1 Rc1 76. Kg2 Rc2+ 77. Kh1 Rf2 78. Bg2 Ke5 79. Re7+ Kf6 80. Rxe3 f4 81. Rf3 Rd2 82. Rf1 Ke5 83. Bf3 Rd3 84. Bg2 Re3 85. Ra1 Re1+ 86. Rxe1+ Bxe1 87. Bf3 Bg3 0-1

[Event "Titled Tue 26th May 2026"]
[Site "chess.com INT"]
[Date "2026.05.26"]
[Round "11"]
[White "Duda, J."]
[Black "Bluebaum, M."]
[Result "1-0"]
[WhiteElo "2739"]
[BlackElo "2694"]
[PlyCount "51"]
[EventDate "2026.05.26"]

1. c4 e6 2. Nc3 d5 3. d4 Bb4 4. Qa4+ Nc6 5. e3 Nf6 6. Bd2 O-O 7. Nf3 Qe8 8. Qc2 dxc4 9. Bxc4 e5 10. dxe5 Nxe5 11. Be2 ({RR} 11. Nxe5 Qxe5 12. O-O Bf5 13. Qb3 Bd6 14. f4 Qe7 15. Kh1 c6 16. Rae1 Ne4 17. Nxe4 Bxe4 18. Bc3 Rad8 19. Be2 Bc5 20. Be5 Kh8 21. Qc3 f6 22. Bd4 Bb4 23. Qc1 Bxe1 24. Bc5 Qf7 25. Bxf8 Bd2 {Kengurov,Y (2045)-Bluebaum,M (2694) chess.com INT 2026 0-1 (32)}) 11... Bg4 ({RR} 11... Nxf3+ 12. Bxf3 Qe5 13. O-O-O Bf5 14. e4 Bg6 15. g3 Rfe8 16. Rhe1 a5 17. a3 Ra6 18. Be2 Rc6 19. f3 Rb8 20. Qb3 Nxe4 21. axb4 a4 22. Qa3 Nf2 23. g4 Qd4 24. Bg5 Nxd1 25. Rxd1 Qe5 26. Bd3 {Kobak,P (1986)-Kiolbasa,O (2397) Batumi GEO 2026 0-1}) 12. a3 Ba5 $146 ({RR} 12... Bd6 13. Nb5 Bxf3 14. Nxd6 cxd6 15. gxf3 Rc8 16. Qf5 Qe7 17. Rg1 Ng6 18. Bc3 Rc5 19. Qd3 Ne5 20. Qd1 Rfc8 21. Kf1 Nd5 22. Bd4 R5c7 23. f4 Ng6 24. Bg4 Re8 25. Rg3 Nf6 26. Bf3 Ne4 27. Rg2 {Pranav,A (2540)-Bluebaum,M (2647) chess.com INT 2024 0-1 (79)}) ({RR} 12... Bd6 13. Nb5 Bxf3 14. Nxd6 cxd6 15. gxf3 Rc8 16. Qf5 Qe7 17. Rg1 Ng6 18. Bc3 Rc5 19. Qd3 Ne5 20. Qd1 Rfc8 21. Kf1 Nd5 22. Bd4 R5c7 23. f4 Ng6 24. Bg4 Re8 25. Rg3 Nf6 26. Bf3 Ne4 27. Rg2 {Pranav,A (2540)-Bluebaum,M (2647) chess.com INT 2024 0-1 (79)}) 13. h3 Bxf3 14. gxf3 Qc6 15. Qf5 Rfe8 16. Rg1 g6 17. f4 Kh8 18. Qg5 Bxc3 19. Bxc3 Ne4 20. Bxe5+ f6 21. Bb5 Qc2 22. Bxf6+ Kg8 23. Qh4 Re6 24. Rxg6+ Kf8 25. Qh6+ Kf7 26. Qg7# 1-0

[Event "Titled Tue 19th May 2026"]
[Site "chess.com INT"]
[Date "2026.05.19"]
[Round "3"]
[White "Donchenko, Alexa"]
[Black "Svane, R."]
[Result "1-0"]
[WhiteElo "2645"]
[BlackElo "2620"]
[PlyCount "55"]
[EventDate "2026.05.19"]

1. c4 e6 2. Nc3 d5 3. d4 a6 4. c5 Nc6 5. Nf3 Nf6 ({RR} 5... h6 6. e3 b6 7. b4 Nge7 8. Rb1 bxc5 9. bxc5 g5 10. Be2 Bg7 11. O-O O-O 12. Qc2 g4 13. Ne5 Nxe5 14. dxe5 Ng6 15. Bxg4 Nxe5 16. Be2 Bd7 17. f4 Nc4 18. Rd1 Qe7 19. Bxc4 dxc4 20. Ne4 {Korobov,A (2587)-Carlsen,M (2839) chess.com INT 2025 0-1 (35)}) 6. Bg5 $146 ({RR} 6. Bf4 b6 7. cxb6 cxb6 8. e3 Be7 9. Bd3 O-O 10. Rc1 Bd7 11. O-O h6 12. Qe2 b5 13. e4 dxe4 14. Nxe4 Nb4 15. Bb1 Nbd5 16. Be5 b4 17. Nd6 Bxd6 18. Bxd6 Bb5 19. Qe5 Bxf1 20. Bxf8 Bxg2 {Gegenfurtner,J (2326)-Van Foreest,J (2673) Chess.com INT 2020 0-1 (40)}) ({RR} 6. Bf4 Nh5 7. Bg5 Be7 8. Bxe7 Qxe7 9. e3 O-O 10. Be2 Nf6 11. O-O Rd8 12. a3 e5 13. b4 Ne4 14. Rc1 Nxc3 15. Rxc3 Bf5 16. Re1 e4 17. Nd2 Rf8 18. Qb3 Be6 19. f4 f5 20. Nf1 Qf6 {Gustafsson,J (2591)-Svane,R (2619) chess.com INT 2025 0-1 (67)}) ({RR} 6. Bf4 Nh5 7. e3 g6 8. Be5 Nxe5 9. Nxe5 Bg7 10. Nf3 O-O 11. Be2 b6 12. b4 a5 13. a3 Ba6 14. b5 Bc8 15. c6 Qd6 16. O-O Rd8 17. Qd2 h6 18. Rfd1 Kh7 19. h3 f5 20. Qc2 Bf6 {Tan,K (1951)-Dimakiling,O (2373) Penang 2014 0-1}) 6... h6 7. Bh4 g5 8. Bg3 Nh5 9. e3 Bg7 10. Ne5 Nxg3 11. Nxc6 bxc6 12. hxg3 e5 13. Qa4 Bd7 14. Bd3 Qf6 15. Ne2 O-O 16. dxe5 Qxe5 17. Nd4 Rfb8 18. Qc2 a5 19. Rd1 a4 20. O-O Qe7 21. Bh7+ Kh8 22. Bf5 Be8 23. Rd2 Ra5 24. Rc1 Bf8 25. Nxc6 Bxc6 26. Qc3+ Bg7 27. Qxa5 Bxb2 28. Rxb2 1-0

[Event "FIDE World Cup 2025"]
[Site "Goa IND"]
[Date "2025.11.11"]
[Round "4.1"]
[White "Sarana, A."]
[Black "Martinez Alcantara, Jose Eduardo"]
[Result "0-1"]
[WhiteElo "2675"]
[BlackElo "2644"]
[PlyCount "78"]
[EventDate "2025.11.01"]
[EventType "k.o."]

1. d4 d5 2. c4 e6 3. Nc3 c6 4. e4 dxe4 5. Nxe4 Bb4+ 6. Bd2 Qxd4 7. Bxb4 Qxe4+ 8. Be2 Na6 9. Ba5 f6 10. Nf3 b6 11. Nd2 Qf4 12. Bh5+ g6 13. Bf3 Qe5+ 14. Kf1 Qc7 15. Bc3 e5 16. Ne4 Bf5 17. Nd6+ Kf8 18. Nxf5 gxf5 19. Qa4 Nc5 20. Qxc6 Qxc6 21. Bxc6 Rd8 22. Bf3 Ne7 23. b3 $146 ({RR} 23. Rd1 Kf7 24. Be1 e4 25. Be2 Rxd1 26. Bxd1 Rd8 27. Bh5+ Ke6 28. g3 Nd3 29. Bc3 Ng6 30. f4 a5 31. Rg1 a4 32. a3 Ne7 33. Ke2 Rc8 34. Kd2 Rxc4 35. Be8 Nc6 36. Ke3 Rc5 37. g4 Ne7 {Shen,F (2321)-Wu,Y (2383) Xinghua CHN 2026 0-1 (46)}) 23... Kg7 24. Re1 Ng6 25. g3 Rd3 26. Re3 Rhd8 27. Be2 R3d7 28. Rg1 Ne4 29. Be1 Nd2+ 30. Kg2 f4 31. Rc3 e4 32. Bg4 Rd3 33. Rc2 Ne5 34. Bf5 Ndf3 35. Bxe4 Nxg1 36. Bxd3 Ngf3 37. Bc3 Rxd3 38. b4 Nd4 39. Bxd4 f3+ 0-1

[Event "2nd 3-0 Thu 8th Jan 2026"]
[Site "chess.com INT"]
[Date "2026.01.08"]
[Round "8"]
[White "Sarana, A."]
[Black "Xiong, Jeffery"]
[Result "1-0"]
[WhiteElo "2686"]
[BlackElo "2656"]
[PlyCount "117"]
[EventDate "2026.01.08"]

1. d4 {ChessBase} d5 2. c4 e6 3. Nc3 c6 4. e3 Nd7 5. Nf3 f5 6. Bd3 Nh6 7. Qc2 Qf6 ({RR} 7... Bd6 8. b3 O-O 9. Bb2 Qe7 10. Ne2 Nf7 11. h3 e5 12. dxe5 Ndxe5 13. Nxe5 Nxe5 14. O-O Qh4 15. Bxe5 Bxe5 16. Rac1 Be6 17. cxd5 Bxd5 18. Bxf5 g6 19. Bd3 Kg7 20. f4 Bc7 21. Qc3+ Kh6 22. e4 {Devnani,K (2134)-Szakmary,D (2058) Kisujszallas HUN 2026 1-0 (34)}) ({RR} 7... Bd6 8. Bd2 O-O 9. h3 Nf6 10. O-O-O Ne4 11. Be1 Bd7 12. Kb1 b5 13. c5 Bc7 14. Ne2 Nf7 15. g4 Qf6 16. gxf5 exf5 17. Nf4 Qh6 18. Qc1 Rae8 19. h4 g5 20. Nxg5 Nexg5 21. Ba5 Ne6 22. Rdg1+ {Sarana,A (2664)-Henriquez Villagra,C (2603) chess.com INT 2026 1-0 (32)}) 8. b3 Bd6 9. Bb2 O-O 10. h3 $146 ({RR} 10. O-O-O a5 11. h3 Kh8 12. Nd2 dxc4 13. Nxc4 Bc7 14. f4 b5 15. Ne5 Bxe5 16. dxe5 Qe7 17. Ne2 Bb7 18. Kb1 a4 19. Rd2 axb3 20. axb3 c5 21. Bxb5 Be4 22. Bd3 Bxg2 23. Rh2 Bd5 24. Nc3 Nb6 {Wygle,S-Bisguier,A (2390) Chicago 1990 0-1 (44)}) ({RR} 10. O-O-O Qe7 11. h3 Nf6 12. Ne5 Nf7 13. f4 Ne4 14. g4 Nxe5 15. dxe5 Bc5 16. Rde1 Bb4 17. gxf5 exf5 18. Bxe4 dxe4 19. Rd1 Be6 20. Ne2 Rfe8 21. Nd4 Qc5 22. Rhg1 Re7 23. Rg3 Rf8 24. Rdg1 Rff7 {Richter,K-Leonhardt,P Duisburg 1929 EXT 1999 [ChessBase] 1-0 (31)}) 10... Kh8 11. O-O-O Qe7 12. Kb1 Ba3 13. Bxa3 Qxa3 14. Qb2 Qe7 15. Ne2 dxc4 16. Bxc4 b5 17. Bd3 Bb7 18. Nf4 a6 19. Rhe1 c5 20. dxc5 Nxc5 21. Bc2 Bxf3 22. gxf3 Nf7 23. Rg1 Rg8 24. Qd4 Rad8 25. Qc3 Rxd1+ 26. Rxd1 Ng5 27. e4 fxe4 28. fxe4 Qf6 29. Qxf6 gxf6 30. Rd6 e5 31. Nh5 Ncxe4 32. Bxe4 Nxe4 33. Rxa6 Nxf2 34. Nxf6 Rf8 35. h4 e4 36. Re6 e3 37. Nd5 Nd3 38. Rxe3 Nc5 39. Kb2 Rd8 40. Nf4 Rd4 41. Nh5 Kg8 42. Rg3+ Kf7 43. Rg7+ Kf8 44. Rxh7 Rxh4 45. Nf6 Rf4 46. Nd5 Rf2+ 47. Ka3 Nd3 48. Rc7 Ke8 49. Nb4 Nxb4 50. Kxb4 Rxa2 51. Kxb5 Kd8 52. Rc5 Kd7 53. b4 Kd6 54. Kb6 Kd7 55. b5 Kd6 56. Rc6+ Kd5 57. Rc1 Kd6 58. Kb7 Kd7 59. b6 1-0

[Event "2nd 3-0 Thu 12th Feb 2026"]
[Site "chess.com INT"]
[Date "2026.02.12"]
[Round "11"]
[White "Maghsoodloo, Parham"]
[Black "Xiong, Jeffery"]
[Result "0-1"]
[WhiteElo "2708"]
[BlackElo "2656"]
[PlyCount "120"]
[EventDate "2026.02.12"]

1. c4 ({RR} 1. d4 d5 2. c4 e6 {½-½ (7) Steingrimsson,H (2547)-Nyzhnyk,I (2666) Sturbridge 2019}) 1... e6 2. Nc3 d5 3. d4 Bb4 4. cxd5 exd5 5. Bf4 c5 6. e3 c4 ({RR} 6... Nf6 7. Bd3 cxd4 8. exd4 O-O 9. Nge2 Nc6 10. O-O Bg4 11. Qb3 Bxc3 12. Nxc3 Nxd4 13. Qxb7 Ne6 14. Bg3 Nc5 15. Qb5 Rc8 16. Be2 d4 17. Bxg4 Nxg4 18. Rad1 Ne6 19. Ne4 Qb6 20. Qe2 Nh6 21. Nd6 {Abdusattorov,N (2771)-Praggnanandhaa,R (2779) Zagreb CRO 2025 1-0 (42)}) 7. Nge2 ({RR} 7. Bxb8 Bxc3+ 8. bxc3 Rxb8 9. Nf3 Nf6 10. Be2 O-O 11. O-O Qa5 12. Qc2 Ne4 13. Rfc1 Bf5 14. Qb2 b5 15. a3 Rfe8 16. Nd2 Qb6 17. Bf3 Nf6 18. h3 a5 19. Nf1 Qd6 20. Ng3 Bg6 21. Qd2 h6 {Vershinin,I (2325)-Xiong,J (2656) chess.com INT 2026 0-1 (39)}) 7... Nf6 $146 ({RR} 7... Nc6 8. a3 Ba5 9. b4 cxb3 10. Qxb3 Be6 11. f3 Nge7 12. Kf2 O-O 13. Qxb7 Bb6 14. Qa6 Ng6 15. Bg3 f5 16. f4 h5 17. h4 Nh8 18. Na4 Nf7 19. Nec3 Nd6 20. Be2 Nxd4 21. exd4 Bxd4+ 22. Kf1 {Mendonca,L (2642)-Vantika,A (2392) Doha QAT 2024 ½-½ (78)}) ({RR} 7... Nc6 8. a3 Ba5 9. b4 cxb3 10. Qxb3 Be6 11. f3 Rc8 12. Kf2 Nge7 13. Nb5 O-O 14. Nd6 Ra8 15. Nxb7 Qc8 16. Nxa5 Nxa5 17. Qb4 Nec6 18. Qc3 Qd8 19. h4 Rc8 20. Qd3 Ne7 21. g4 Nc4 22. Bg2 {Suleymanli,A (2657)-Bluebaum,M (2694) Biel SUI 2026 ½-½ (71)}) 8. a3 Ba5 9. f3 h5 10. Bg5 Nbd7 11. Nf4 Qb6 12. Qd2 Qd6 13. h4 b5 14. Kf2 a6 15. Qc2 Bb7 16. Nce2 O-O-O 17. g3 Rde8 18. Bh3 Kb8 19. b4 Bc7 20. a4 Nh7 21. axb5 axb5 22. Bxd7 Qxd7 23. Nxh5 Nxg5 24. hxg5 Qe7 25. Qc3 Qxg5 26. Nhf4 Qf5 27. Qa3 Rxh1 28. Rxh1 g5 29. g4 Qc2 30. Nh5 f5 31. gxf5 Rf8 32. f6 Qf5 33. Neg3 Qc2+ 34. Ne2 Qf5 35. Qc1 g4 36. f4 Qe4 37. Rf1 Bd6 38. Neg3 Qh7 39. Qb1 Qh6 40. Rh1 Bc8 41. Nf5 Bxf5 42. Qxf5 g3+ 43. Nxg3 Qxf6 44. Qxd5 Bxf4 45. Qxb5+ Kc8 46. Qf5+ Qxf5 47. Nxf5 Bd6 48. e4 Bxb4 49. Ke3 Kd7 50. Rb1 Rb8 51. e5 Bd2+ 52. Kxd2 Rxb1 53. Ne3 Rb2+ 54. Kc1 Rb4 55. Kc2 Ke6 56. Nxc4 Rxc4+ 57. Kd3 Ra4 58. Ke4 Rb4 59. Kd3 Kd5 60. Ke3 Rxd4 0-1

[Event "3rd 3-0 Thu 15th Jan 2026"]
[Site "chess.com INT"]
[Date "2026.01.15"]
[Round "11"]
[White "Sarana, A."]
[Black "Xiong, Jeffery"]
[Result "0-1"]
[WhiteElo "2686"]
[BlackElo "2656"]
[PlyCount "114"]
[EventDate "2026.01.15"]

1. d4 {Khmelnitsky, I} d5 2. c4 e6 3. Nc3 Bb4 4. Qa4+ Nc6 5. Nf3 Bd7 ({RR} 5... Nf6 6. Ne5 Bd7 7. Nxc6 Bxc3+ 8. bxc3 Bxc6 9. Qa3 Ne4) 6. Qc2 ({RR} 6. Qb3 Nf6 ({RR} 6... Nge7 7. Bd2 dxc4 8. Qxc4 O-O 9. e4 Nc8 10. Bd3 Bd6 11. a3 Nb6 12. Qa2 e5 13. d5 Ne7 14. h3 f5 15. Bg5 h6 16. Bxe7 Qxe7 17. Nd2 Qg5 18. O-O-O Na4 19. Nxa4 Bxa4 20. h4 Qxg2 21. Rdf1) 7. Bd2 Qe7 8. a3 dxc4 9. Qxc4 Bd6 10. Nb5 O-O 11. e3 Ne4 12. Bd3 Nxd2 13. Nxd2 Rac8 14. Qc2 g6 15. f4 ({RR} 15. Nxd6 cxd6 16. Qd1 Rc7) 15... a6 16. Nc3 Na7 17. Nde4 Bb5 18. Nxb5 axb5 19. Nxd6 cxd6 20. Qb3 ({RR} 20. Qd2 e5) 20... e5 {Khmelnitsky,I (2479)-Stripunsky,A (2542) Seattle 2002 CBM 087 [Khmelnitsky, I] ½-½ (40)}) ({RR} 6. Qb3 a5 7. a3 a4 8. Qa2 Bxc3+ 9. bxc3 Na5 10. cxd5 Nb3 11. Rb1 exd5 12. Nd2 Nxc1 13. Rxc1 Nf6 14. e3 Bf5 15. c4 dxc4 16. Bxc4 O-O 17. O-O c6 18. Nf3 Be4 19. Be2 Bd5 20. Qb2 Qe7 {Lukachewski Junior,W (2036)-Hovakimyan,V (2277) chess.com INT 2026 0-1 (61)}) 6... dxc4 7. a3 Ba5 $146 ({RR} 7... Bxc3+ 8. Qxc3 b5 9. e4 Nf6 10. Qc2 Na5 11. Bg5 Nb3 12. Rd1 h6 13. Bh4 g5 14. Bg3 Bc6 15. d5 exd5 16. e5 Ne4 17. Nd4 Nxd4 18. Rxd4 f5 19. f4 Qe7 20. Be2 Qc5 21. Qd1 O-O-O 22. Bf3 {Sobek,J (2195)-Bauer,T (2189) chess.com INT 2025 0-1 (40)}) 8. Bg5 Nf6 9. e4 h6 10. Bxf6 Qxf6 11. e5 Nxd4 12. Nxd4 Qxe5+ 13. Nde2 O-O-O 14. O-O-O Bc6 15. Ng3 Rxd1+ 16. Nxd1 Rd8 17. Bxc4 Rd2 18. Qb3 b5 19. Bd3 a6 20. Bc2 Qc5 21. Nf1 Bd5 22. Nxd2 Bxd2+ 23. Kxd2 Bxb3 24. Bxb3 Qd4+ 25. Kc1 Qf4+ 26. Kc2 Qe4+ 27. Kd2 Qxg2 28. Re1 Qxh2 29. Bc2 Qf4+ 30. Ke2 h5 31. Ne3 f5 32. Rg1 g5 33. b3 g4 34. Rh1 Qg5 35. Nf1 h4 36. Rg1 Qf4 37. Nd2 h3 38. Rh1 Qe5+ 39. Kd1 Qa1+ 40. Bb1 Qxa3 41. Re1 Qd6 42. Ke2 h2 43. Rh1 f4 44. Be4 f3+ 45. Bxf3 gxf3+ 46. Nxf3 Qd5 47. Ke3 Qxb3+ 48. Kf4 Qc4+ 49. Kg3 Qd5 50. Rxh2 b4 51. Rh8+ Kb7 52. Rh4 a5 53. Rd4 Qc5 54. Kf4 b3 55. Rd1 b2 56. Ke4 Qc1 57. Rxc1 bxc1=Q 0-1

[Event "Titled Tue 24th Feb 2026"]
[Site "chess.com INT"]
[Date "2026.02.24"]
[Round "4"]
[White "Carlsen, M."]
[Black "Oparin, G."]
[Result "1-0"]
[WhiteElo "2840"]
[BlackElo "2658"]
[PlyCount "65"]
[EventDate "2026.02.24"]

1. d4 d5 2. c4 e6 3. Nc3 Be7 4. cxd5 exd5 5. Bf4 c6 6. e3 Bf5 7. Nge2 Nd7 8. Ng3 Be6 9. Nh5 Bf8 10. Bg3 Ngf6 11. Bd3 Nxh5 12. Qxh5 Nf6 13. Qe2 Bd6 14. f3 $146 ({RR} 14. Be5 Bxe5 15. dxe5 Ng4 16. f4 f5 17. O-O-O Qb6 18. Rhe1 O-O-O 19. Na4 Qb4 20. Qc2 Nf2 21. Nc5 Nxd1 22. Rxd1 Bf7 23. Bxf5+ Kb8 24. a3 Qa5 25. e6 Bg6 26. Nd7+ Rxd7 27. exd7 Bxf5 28. Qxf5 Qc7 {Leenhouts,K (2446)-De Boer,E (2270) Vlissingen NED 2023 1-0 (80)}) ({RR} 14. Bxd6 Qxd6 15. O-O O-O 16. f3 c5 17. Nb5 Qb6 18. dxc5 Qxc5 19. Rac1 Qb6 20. Nd4 Rfe8 21. Qd2 a6 22. Rc3 Rac8 23. Rfc1 Rxc3 24. Qxc3 Bd7 25. Kf2 g6 26. Rc2 Rc8 27. Qd2 Rxc2 28. Qxc2 Qd6 {Vetokhin,S (2502)-Zakaryan,D (2279) Sochi RUS 2024 1-0 (57)}) 14... O-O 15. Qf2 Re8 16. Rd1 Rc8 17. Bxd6 Qxd6 18. O-O Rcd8 19. Bc2 h6 20. h3 Nh5 21. g4 Nf6 22. e4 dxe4 23. fxe4 Qb4 24. e5 Nd5 25. Ne4 Qe7 26. a3 Nc7 27. g5 hxg5 28. Qg3 g4 29. hxg4 c5 30. Nf6+ gxf6 31. exf6 Qd6 32. Qh4 Bf5 33. Bxf5 1-0

[Event "Titled Tue 23rd Dec 2025"]
[Site "chess.com INT"]
[Date "2025.12.23"]
[Round "7"]
[White "Sevian, Samuel"]
[Black "Svane, R."]
[Result "1/2-1/2"]
[WhiteElo "2688"]
[BlackElo "2608"]
[PlyCount "167"]
[EventDate "2025.12.23"]

1. c4 e6 2. Nc3 d5 3. d4 a6 4. cxd5 exd5 5. Bf4 Nf6 6. e3 Bd6 7. Bxd6 Qxd6 8. Bd3 O-O 9. h3 Be6 10. Nf3 Nbd7 11. O-O c6 12. a3 g6 13. Rc1 Qe7 $146 ({RR} 13... Rae8 14. Re1 Re7 15. Qc2 Qb8 16. Nd2 Nh5 17. b4 Ng7 18. Na4 Bf5 19. Nc5 Bxd3 20. Qxd3 Nf5 21. a4 Nd6 22. Ndb3 Nf6 23. Nd2 Rfe8 24. Nf3 Nd7 25. Nd2 Kg7 26. Re2 Nf6 27. Rce1 Qd8 28. Qc3 {Koelle,T (2159)-Nothnagel,M (2388) Dresden 2019 1-0 (82)}) 14. Qd2 Rfe8 15. Rfe1 Nb6 16. Ng5 Rad8 17. f4 Nc8 18. Ne2 Nd6 19. Ng3 Bc8 20. Re2 h6 21. Nf3 Nfe4 22. Bxe4 Nxe4 23. Nxe4 Qxe4 24. Ne5 f6 25. Nd3 Qe7 26. a4 Qd6 27. a5 Re7 28. Rc3 Rde8 29. Rb3 Qe6 30. Nc5 Qf7 31. Qe1 Kh7 32. Qg3 Bf5 33. Kh2 Be4 34. Rf2 Bf5 35. Rf1 Qg7 36. Ra1 Bc2 37. Rc3 Bf5 38. Ra4 Bc8 39. Rb3 Qf7 40. Rab4 Qg7 41. Rb6 Rf8 42. Qe1 Rff7 43. Qb1 Bf5 44. Qf1 Bc8 45. Qf2 Kh8 46. Qg3 Kh7 47. R3b4 Kh8 48. f5 gxf5 49. Qb8 Rf8 50. Qf4 Rff7 51. Rb3 Kh7 52. Rd3 Qg5 53. Rbb3 h5 54. Rd2 Re8 55. Rf2 Qxf4+ 56. Rxf4 Rfe7 57. Rf3 Kh6 58. Kg1 Rg7 59. Rc3 Reg8 60. Rc2 Re8 61. Rcf2 Rge7 62. Re2 Rg7 63. b4 Rg6 64. Nd3 Rg7 65. Nf4 Re4 66. Kf1 Re8 67. Ke1 Rge7 68. Kd2 Rg7 69. Ref2 Reg8 70. Rf1 Bd7 71. R3f2 Bc8 72. Rf3 Bd7 73. R1f2 Bc8 74. Nd3 Rxg2 75. Nf4 Rxf2+ 76. Rxf2 Rg3 77. h4 Rg4 78. Rh2 Bd7 79. Ke2 Bc8 80. Kf2 Bd7 81. Kf1 Bc8 82. Kf2 Bd7 83. Rh1 Bc8 84. Rh2 1/2-1/2

[Event "3rd 3-0 Thu 19th Feb 2026"]
[Site "chess.com INT"]
[Date "2026.02.19"]
[Round "8"]
[White "Sarana, A."]
[Black "Caruana, F."]
[Result "1-0"]
[WhiteElo "2683"]
[BlackElo "2795"]
[PlyCount "139"]
[EventDate "2026.02.19"]

1. d4 d5 2. c4 e6 3. Nc3 a6 4. cxd5 exd5 5. Nf3 Nf6 6. Bg5 Be6 7. Bxf6 Qxf6 8. Qb3 b5 9. a4 b4 10. Nxd5 Qd8 11. e4 c6 12. Qe3 cxd5 13. exd5 Qxd5 14. Bd3 Ra7 15. Rc1 Be7 16. Bc4 Qxc4 17. Rxc4 Bxc4 18. d5 $146 ({RR} 18. b3 Bxb3 19. Qxb3 Rc7 20. O-O O-O 21. d5 Rd8 22. Re1 Bf8 23. Ng5 Re8 24. Kf1 Rxe1+ 25. Kxe1 Rc3 26. Qb1 g6 27. Ne4 Rc4 28. Qd3 Rc1+ 29. Kd2 Bh6+ 30. Ke2 Nd7 31. Qh3 Rc4 32. f3 f5 {Pultinevicius,P (2503)-Moroni,L (2553) Batumi 2019 1-0 (50)}) 18... Rb7 19. d6 O-O 20. Qe4 Re8 21. Nd2 Bd5 22. Qxd5 Bxd6+ 23. Kf1 Rd7 24. Qf3 Bf8 25. Nc4 Nc6 26. g3 Nd4 27. Qd3 g6 28. Kg2 Bg7 29. Rd1 h5 30. Ne3 Rd6 31. Qc4 Rb8 32. Nd5 Rbd8 33. Nxb4 a5 34. Na2 Nf5 35. Rxd6 Rxd6 36. Qc2 Bd4 37. Nc3 Kg7 38. Ne4 Rb6 39. b3 Be5 40. Qc5 Bd4 41. Qd5 Rb4 42. Nd6 Nxd6 43. Qxd6 Bf6 44. Qd5 Rb6 45. h4 Rb4 46. Kg1 Rb6 47. Kf1 Rb4 48. Ke2 Rb6 49. Kd1 Rb8 50. Kc2 Rc8+ 51. Kb1 Rc3 52. Qd1 Rc5 53. Qd3 Bc3 54. Qe3 Bb4 55. Qd4+ Kg8 56. Qd8+ Kg7 57. Qd4+ Kg8 58. f3 Rc3 59. Qd8+ Kh7 60. Qd5 Kg7 61. Qe5+ Kg8 62. Qb8+ Kg7 63. Qf4 Kg8 64. Qe4 Kg7 65. Qe5+ Kg8 66. g4 hxg4 67. fxg4 Rc5 68. Qe8+ Kg7 69. Qe4 Re5 70. Qxe5+ 1-0